LEADER 01271nam a2200253 i 4500 001 000000015500 003 CaOOAMICUS 005 20180830125442.0 008 180830s2004 it u000 u ita u 020 $a88-209-7649-8 040 $aSeMil$bita 245 10$aAtti del Concilio Niceno secondo Ecumenico Settimo /$cIntroduzione e traduzione di Pier Giorgio Di Domenico ; Saggio encomiastico di Crispino Valenziano. 260 $aCittą del Vaticano :$bLibreria Editrice Vaticana,$c2004. 300 $av. ;$c21 cm. 500 $aContiene : Bibliografia. - Opera contenuta in cofanetto. 650 4$aConcilio di Nicea II <787>.$0(OLS)http://semarc/subject/2529 700 1 $aValenziano, Crispino,$d<1932- >.$0(OLS)http://semarc/name/6318 773 0 $tVisibile parlare.$dCittą del Vaticano : Libreria Editrice Vaticana, [200?]$w()13238 774 0 $tTomo 1.$kVisibile parlare$gTomo1$w()148235 774 0 $tTomo 2.$kVisibile parlare$gTomo2$w()148560 774 0 $tTomo 3.$kVisibile parlare$gTomo3$w()148561 996 $6020$a88-209-7649-8$9(OLS)http://semarc/number/1042 996 $6245$aAtti del Concilio Niceno secondo Ecumenico Settimo$9(OLS)http://semarc/title/20550 996 $6260$aCittą del Vaticano :$bLibreria Editrice Vaticana$9(OLS)http://semarc/publisher/29734 LEADER 00987nam a2200241 i 4500 001 000000098876 003 CaOOAMICUS 005 20180830171849.0 008 180830s1991 xx u000 u und u 013 $a71028 020 $a88-280-0096-1 040 $aSeMil$bita 245 10$aNovecento filosofico e scientifico. Protagonisti. 260 $aSettimo Milanese :$bMarzorati,$c1991. 300 $a929 p. 650 4$aFilosofia contemporanea - Storia.$0(OLS)http://semarc/subject/152 650 4$aScienza - Storia - Sec. 20.$0(OLS)http://semarc/subject/3907 700 1 $aNegri, Antimo,$d<1923-2005>.$0(OLS)http://semarc/name/579 850 $aSeMil 852 $aSeMil$W1$xVenegono$y1$m174 3 2 *$j56584$B56584$CSeMilBibl$Z2$F66387 $81 996 $6020$a88-280-0096-1$9(OLS)http://semarc/number/79088 996 $6245$aNovecento filosofico e scientifico. Protagonisti$9(OLS)http://semarc/title/146621 996 $6260$aSettimo Milanese :$bMarzorati$9(OLS)http://semarc/publisher/29992